000 00378nam a2200145 i 4500
001 bg
100 1 _aDZIERŻAWSKI, Ksawery
245 0 _aProjektowanie odwodnień wykopów budowlanych /
_cKsawery Dzierżawski.
260 _aBiałystok,
_c1980.
040 _cBPK
041 _apol
080 _a624.1:626.8](075.8)
942 _cKS
008 s pl f |000 0 pol
999 _c19628
_d19628
856 _uhttp://koha.tu.koszalin.pl/cgi-bin/koha/opac-detail.pl?biblionumber=19628
_yKatalog online BPK